<?xml version="1.0" encoding="UTF-8"?>
<collection xmlns="http://www.loc.gov/MARC21/slim">
 <record>
  <leader>01568nam a2200241 a 4500</leader>
  <controlfield tag="001">TVCDKTCT6427</controlfield>
  <controlfield tag="003">Thư viện trường Cao đẳng Kỹ thuật Cao Thắng</controlfield>
  <controlfield tag="005">20170524092518.7</controlfield>
  <controlfield tag="008">070306</controlfield>
  <datafield tag="980" ind1="\" ind2="\">
   <subfield code="a">Thư viện Trường CĐ Kỹ Thuật Cao Thắng</subfield>
  </datafield>
  <datafield tag="024" ind1=" " ind2=" ">
   <subfield code="a">RG_1 #1 eb0 i1</subfield>
  </datafield>
  <datafield tag="041" ind1="0" ind2="#">
   <subfield code="a">vie</subfield>
  </datafield>
  <datafield tag="082" ind1="#" ind2="#">
   <subfield code="a">005 / </subfield>
   <subfield code="b">V300S-p</subfield>
  </datafield>
  <datafield tag="100" ind1="1" ind2="#">
   <subfield code="a">Phương Lan, </subfield>
   <subfield code="e">Chủ biên</subfield>
  </datafield>
  <datafield tag="245" ind1="0" ind2="0">
   <subfield code="a">Visual Basic .NET Kỹ xảo lập trình (Kèm CD) / </subfield>
   <subfield code="c">Phương Lan</subfield>
  </datafield>
  <datafield tag="250" ind1="#" ind2="#">
   <subfield code="a">In lần thứ 1</subfield>
  </datafield>
  <datafield tag="260" ind1="#" ind2="#">
   <subfield code="a">Tp.HCM : </subfield>
   <subfield code="b">Thống Kê , </subfield>
   <subfield code="c">2004</subfield>
  </datafield>
  <datafield tag="300" ind1="#" ind2="#">
   <subfield code="a">593tr. ; </subfield>
   <subfield code="c">24cm</subfield>
  </datafield>
  <datafield tag="520" ind1="#" ind2="#">
   <subfield code="a">Giáo trình gồm 17 chương, mỗi chương khảo sát một khía cạnh đặc biệt của Visual Basic .NET hoặc những khả năng quan trọng do môi trường .NET cung cấp. Trong mỗi chương, trước hết bạn sẽ khảo sát nền tảng cơ bản về lý thuyết và sau đó bạn sẽ học cách đặt những khái niệm vào môi trường thực tế để sử dụng. Cuối cùng, bạn sẽ tiếp cận những ngữ cảnh có thể áp dụng mẹo để cực đại hiệu quả của chương trình. Mỗi chương trình được đóng gói bằng nhiều đoạn chương trình sẵn sàng chạy thực tế.</subfield>
  </datafield>
  <datafield tag="650" ind1="#" ind2="4">
   <subfield code="a">Kỹ xảo lập trình</subfield>
  </datafield>
  <datafield tag="650" ind1="#" ind2="4">
   <subfield code="a">Visual Basic .Net</subfield>
  </datafield>
  <datafield tag="721" ind1="#" ind2="#">
   <subfield code="a">Công nghệ thông tin</subfield>
  </datafield>
  <datafield tag="841" ind1="#" ind2="#">
   <subfield code="b">Kho Sách </subfield>
   <subfield code="j">100020180, 100020210</subfield>
  </datafield>
 </record>
</collection>
